La teoría monetaria moderna (Registro nro. 5377)

Detalles MARC
000 -LEADER
fixed length control field 01458 a2200229 4500
001 - CONTROL NUMBER
control field 54206
005 - DATE AND TIME OF LATEST TRANSACTION
control field 20260407155812.0
008 - FIXED-LENGTH DATA ELEMENTS--GENERAL INFORMATION
fixed length control field 260407a1981 arg spa d
003 - CONTROL NUMBER IDENTIFIER
control field AR-UNSa-BCEJYS
040 ## - CATALOGING SOURCE
Original cataloging agency AR-UNSa-BCEJYS
Language of cataloging spa
Transcribing agency AR-UNSa-BCEJYS
080 ## - UNIVERSAL DECIMAL CLASSIFICATION NUMBER
Universal Decimal Classification number 336.741.28
Common auxiliary subdivision Teorías monetarias
020 ## - INTERNATIONAL STANDARD BOOK NUMBER
International Standard Book Number 84 344 6065 3
041 ## - LANGUAGE CODE
Language code of text/sound track or separate title spa
100 1# - MAIN ENTRY--PERSONAL NAME
Personal name Argandoña Ramiz, Antonio
245 10 - TITLE STATEMENT
Title La teoría monetaria moderna
Name of part/section of a work de Keynes a la década de los 80
250 ## - EDITION STATEMENT
Edition statement 2a. ed.
264 #1 - PRODUCTION, PUBLICATION, DISTRIBUTION, MANUFACTURE, AND COPYRIGHT NOTICE
Place of production, publication, distribution, manufacture Barcelona :
Name of producer, publisher, distributor, manufacturer Ariel
Date of production, publication, distribution, manufacture, or copyright notice 1981
300 ## - PHYSICAL DESCRIPTION
Extent 453 p.
Dimensions 20 cm.
505 ## - FORMATTED CONTENTS NOTE
Formatted contents note Primera Parte: LOS ANTECEDENTES DE LA TEORIA MONETARIA MODERNA: 1. La teoría cuantitativa – 2. Las aportaciones Keynesianas - - Segunda Parte: LA TEORIA MONETARIA ACTUAL: 3. La función de demanda de dinero – 4. La definición de dinero – 5. Relaciones entre demanda de dinero y las variables que la determinan – 6. Estabilidad y comportamiento de la velocidad-renta – 7. La influencia de las variables monetarias sobre la renta y los precios (I): El sentido de casualidad – 8. La influencia de las variables monetarias sobre la renta y los precios (II): El proceso de ajuste – 9. Conclusiones: El estado de la Teoría Monetaria alrededor de 1970 - - Tercera Parte: LA EVOLUCION MONETARIA EN LA DECADA DE LOS 70: 10. El impulso monetario – 11. El mecanismo de transmisión – 12. Las expectativas racionales.
590 ## - LOCAL NOTE (RLIN)
Local note niveau_biblio:m niveau_hierar:0
942 ## - ADDED ENTRY ELEMENTS (KOHA)
Koha item type
Existencias
Withdrawn status Lost status Damaged status Not for loan Home library Current library Shelving location Date acquired Total checkouts Full call number Barcode Date last seen Price effective from Koha item type
        Biblioteca Prof. Eusebio Cleto del Rey Biblioteca Prof. Eusebio Cleto del Rey   07/04/2026   336.741.28 A686 2ed. L39481 07/04/2026 07/04/2026 Libro